Normal view MARC view

Entry Nombre personal

Number of records used in: 1

001 - NÚMERO DE CONTROL

  • campo de control: 240320

003 - IDENTIFICADOR DE NÚMERO DE CONTROL

  • campo de control: SpMaBN

005 - FECHA Y HORA DE LA ÚLTIMA TRANSACCIÓN

  • campo de control: 20250509192506.0

008 - ELEMENTOS DE DATO DE LONGITUD-FIJA

  • campo de control de longitud fija: 980218n| aijnnaabn |a aaa ||

016 ## - NÚMERO DE CONTROL DE UNA AGENCIA BIBLIOGRÁFICA NACIONAL

  • Número de control del registro: BNE19980513739

024 7# - IDENTIFICADOR DE OTROS ESTÁNDARES

  • Número estándar o código: http://viaf.org/viaf/33770844/
  • Fuente: viaf

024 7# - IDENTIFICADOR DE OTROS ESTÁNDARES

  • Número estándar o código: https://isni.org/isni/0000000059241889
  • Fuente: isni

040 ## - FUENTE DE CATALOGACIÓN

  • Centro catalogador/agencia de origen: SpMaBN
  • Lengua de catalogación: spa
  • Centro/agencia transcriptor: SpMaBN
  • Normas de descripción: rdc
  • Convención/Normas de encabezamiento de materia/tesauro: embne

046 ## - FECHAS CON CODIFICACIÓN ESPECIAL

  • Fecha de nacimiento: 1953

100 1# - ENCABEZAMIENTO-NOMBRE DE PERSONA

  • Nombre de persona: Fernández Bayo, Ignacio
  • Fechas asociadas al nombre: 1953-

375 ## - GÉNERO/SEXO

  • Género: Masculino

400 1# - TRAZADO DE VÉASE--NOMBRE DE PERSONA

  • Nombre de persona: Bayo, Ignacio F.
  • Fechas asociadas al nombre: 1953-

400 1# - TRAZADO DE VÉASE--NOMBRE DE PERSONA

  • Nombre de persona: Fdez. Bayo, Ignacio
  • Fechas asociadas al nombre: 1953-

670 ## - FUENTE DE DATOS ENCONTRADOS

  • Cita de la fuente: La voz de la Gioconda, 1997
  • Información encontrada: port. (Ignacio Fernández Bayo) solapa (n. 1953; dedicado al periodismo científico)

670 ## - FUENTE DE DATOS ENCONTRADOS

  • Cita de la fuente: Los alimentos en píldoras, 2009
  • Información encontrada: port. (textos, Ignacio F. Bayo)

670 ## - FUENTE DE DATOS ENCONTRADOS

  • Cita de la fuente: Muy interesante, 2005
  • Información encontrada: (guión, Ignacio Fdez. Bayo)